书目信息 |
| 题名: |
英语专业四级写作200例
|
|
| 作者: | 李萧下 , 张明 编著 | |
| 分册: | ||
| 出版信息: | 大连 大连工学院出版社 2004.01 |
|
| 页数: | 219页 | |
| 开本: | 20cm | |
| 丛书名: | ||
| 单 册: | ||
| 中图分类: | H315 | |
| 科图分类: | ||
| 主题词: | 英语 | |
| 电子资源: | ||
| ISBN: | 7-5611-2373-6 | |
| 000 | 00609nam0 2200205 450 | |
| 001 | 0459479679 | |
| 005 | 20041018163237.65 | |
| 010 | @a7-5611-2373-6@dCNY 12.00 | |
| 100 | @a20041018d2004 km y0chiy0120 ea | |
| 101 | 0 | @achi |
| 102 | @aCN | |
| 200 | 1 | @a英语专业四级写作200例@Aying yu zhuan ye si ji xie zuo 200 li@f李萧下,张明编著@Fli xiao xia,zhang ming bian zhu |
| 210 | @a大连@c大连工学院出版社@d2004.01 | |
| 215 | @a219页@d20cm | |
| 606 | 0 | @a英语 |
| 690 | @aH315@v3 | |
| 701 | 0 | @a李萧下@Ali xiao xia@4编著 |
| 701 | 0 | @a张明@Azhang ming@4编著 |
| 801 | 0 | @aCN@bPFT@c20041018 |
| 905 | @a10447@dH315@eL290 | |
| 英语专业四级写作200例/李萧下,张明编著.-大连:大连工学院出版社,2004.01 |
| 219页;20cm |
| ISBN 7-5611-2373-6:CNY 12.00 |
| ● |
| 相关链接 |
|
|
|
正题名:英语专业四级写作200例
索取号:H315/L290
 
预约/预借
| 序号 | 登录号 | 条形码 | 馆藏地/架位号 | 状态 | 备注 |
| 1 | 420677 | 204206778 | 外国语学院资料室/ [索取号:H315/L290] | 在馆 |